| 000 | 00538nam a2200217Ia 4500 | ||
|---|---|---|---|
| 003 | GCL | ||
| 005 | 20240530110924.0 | ||
| 008 | 140319s2001 sp ah f 000 0 eng d | ||
| 020 | _a8489861404 | ||
| 040 |
_aGCL / _cGCL |
||
| 082 | 0 | 4 |
_a749 / _bB C |
| 100 | 1 | _4Broto, Carles | |
| 245 | 1 | 0 |
_aContemporary Classic Furniture / _cCarles Broto |
| 260 |
_aSpain : _bCarles Broto; _c2001. |
||
| 300 |
_a32 CM ؛ _c208 P |
||
| 650 | 0 | 4 | _aTABLES |
| 650 | 0 | 4 | _aFURNITURE |
| 650 | 0 | 4 | _aCHAIRS |
| 650 | 0 | 4 | _aBEDROOM FURNITURE |
| 942 |
_2ddc _cBK |
||
| 999 |
_c66535 _d66535 |
||